01794nam a2200433Ia 4500001001200000003000800012006001900020007001500039008004100054010001700095020003100112040002100143035002100164050002400185082001600209100003500225245011800260260005300378300001700431490003900448504005100487533015200538600006100690600005000751600004700801600003400848600003200882650005300914650003500967650003501002650003401037650003001071655002901101700003001130710001701160830004001177856012601217999001701343ebr10313946CaPaEBRm u cr cn|||||||||080405r20071993cau sb 001 0 eng d z 2008015778 z9781888570359 (alk. paper) aCaPaEBRcCaPaEBR a(OCoLC)64681141814aPR3065b.L86 2007eb04a822.3/32221 aLupton, Julia Reinhard,d1963-10aAfter Oedipush[electronic resource] :bShakespeare in psychoanalysis /cJulia Reinhard Lupton, Kenneth Reinhard. aAurora Colo. :bDavies Group Publishers,cc2007. axxii, 288 p.1 aCritical studies in the humanities aIncludes bibliographical references and index. aElectronic reproduction.bPalo Alto, Calif. :cebrary,d2011.nAvailable via World Wide Web.nAccess may be limited to ebrary affiliated libraries.10aShakespeare, William,d1564-1616xKnowledgexPsychology.10aShakespeare, William,d1564-1616.tKing Lear.10aShakespeare, William,d1564-1616.tHamlet.10aBenjamin, Walter,d1892-1940.10aLacan, Jacques,d1901-1981. 0aLear, King (Legendary character), in literature. 0aOedipus complex in literature. 0aPsychoanalysis and literature. 0aDramaxPsychological aspects. 0aPsychology in literature. 7aElectronic books.2local1 aReinhard, Kenneth,d1957-2 aebrary, Inc. 0aCritical studies in the humanities.40uhttp://site.ebrary.com/lib/rucke/Doc?id=10313946zAn electronic book accessible through the World Wide Web; click to view c57734d57734